[Event "Bayern-chTT (RL Sued-Ost)"]
[Site "Bayern 2008/09"]
[Date "2009.02.01"]
[Round "6.8"]
[White "Soergel, Thomas"]
[Black "Becher, Georg"]
[Result "1-0"]
[WhiteElo "1942"]
[BlackElo "1831"]
[PlyCount "79"]
[EventDate "2009.03.??"]
[EventType "team-tourn"]
[EventRounds "9"]
[WhiteTeam "Gräfelfing 1"]
[BlackTeam "Ebersberg 1"]

1. c4 Nf6 2. g3 g6 3. Bg2 Bg7 4. Nc3 O-O 5. d4 d6 6. Nf3 Nc6 7. O-O Rb8 8. e4
a6 9. Qe2 e5 10. dxe5 dxe5 11. Rd1 Nd4 12. Qd3 Nxf3+ 13. Qxf3 Qe8 14. h3 c6 15.
Be3 Qe7 16. Na4 Nd7 17. Nb6 Nxb6 18. Bxb6 Re8 19. c5 Qf6 20. Qe3 Bf8 21. Rd3
Be6 22. b3 Rbc8 23. Rad1 Be7 24. Ba5 Qg5 25. Qxg5 Bxg5 26. Bb6 Be7 27. Kh2 Kg7
28. h4 Rf8 29. f3 h5 30. Bh3 f5 31. R1d2 Rf7 32. Re2 Bf6 33. Rd6 Re8 34. f4 Bc8
35. exf5 gxf5 36. fxe5 Rxe5 37. Rxe5 Bxe5 38. Rd8 Be6 39. Re8 Kf6 40. Bd8+ 1-0

[Event "Bayern-chTT (RL Sued-Ost)"]
[Site "Bayern 2008/09"]
[Date "2009.02.01"]
[Round "6.1"]
[White "Nurbekoglu, Michael"]
[Black "Anka, Emil"]
[Result "0-1"]
[WhiteElo "2036"]
[BlackElo "2365"]
[PlyCount "96"]
[EventDate "2009.03.??"]
[EventType "team-tourn"]
[EventRounds "9"]
[WhiteTeam "Landshut 1"]
[BlackTeam "Trostberg 1"]

1. Nf3 c5 2. c4 b6 3. g3 Bb7 4. Bg2 g6 5. O-O Bg7 6. Nc3 Nf6 7. d3 O-O 8. Bd2
Nc6 9. Qc1 Re8 10. Bh6 Bh8 11. Re1 d5 12. cxd5 Nxd5 13. Nxd5 Qxd5 14. Ng5 Qd7
15. Bh3 e6 16. Bg2 Nd4 17. Bxb7 Qxb7 18. Ne4 Qc6 19. Rb1 a5 20. Qf4 e5 21. Qc1
Re6 22. f3 Bg7 23. Bxg7 Kxg7 24. b3 f5 25. Nf2 Re7 26. Qb2 Qd5 27. Nh3 Kg8 28.
Nf2 Rea7 29. Nd1 h5 30. Kf2 Rf7 31. Ne3 Qe6 32. Qc3 f4 33. Nf1 Qh3 34. Rb2 Raf8
35. Qc4 Kh7 36. Qd5 Rf5 37. Qb7+ R8f7 38. Qe4 Rg5 39. Rd1 Rgf5 40. Ke1 Qg2 41.
Rdb1 fxg3 42. hxg3 Rxf3 43. exf3 Nxf3+ 44. Kd1 Qxf1+ 45. Kc2 Nd4+ 46. Kc3 Nb5+
47. Kd2 Qf2+ 48. Kd1 Nc3+ 0-1

[Event "Bayern-chTT (RL Sued-Ost)"]
[Site "Bayern 2008/09"]
[Date "2009.02.01"]
[Round "6.2"]
[White "Huch, Reiner"]
[Black "Schmaus, Horst(56)"]
[Result "1-0"]
[WhiteElo "2251"]
[BlackElo "2033"]
[PlyCount "77"]
[EventDate "2009.03.??"]
[EventType "team-tourn"]
[EventRounds "9"]
[WhiteTeam "Trostberg 1"]
[BlackTeam "Landshut 1"]

1. Nf3 Nf6 2. c4 g6 3. b4 Bg7 4. Bb2 a5 5. b5 d6 6. g3 O-O 7. Bg2 e5 8. O-O
Nbd7 9. d3 Nc5 10. Nc3 Re8 11. Nd2 Bf5 12. Qc2 Qd7 13. Nb3 b6 14. Nxc5 dxc5 15.
Bxa8 Rxa8 16. f3 h5 17. e4 Bh3 18. Rfe1 h4 19. Nd5 Re8 20. Qd2 hxg3 21. hxg3
Nxd5 22. exd5 Qd8 23. Re2 Bf5 24. Rae1 f6 25. d4 cxd4 26. Bxd4 Qd6 27. Bf2 Kf7
28. c5 bxc5 29. Rc1 e4 30. fxe4 Bxe4 31. Rxc5 f5 32. Rc6 Qe5 33. Qf4 Qxd5 34.
Rxc7+ Kg8 35. Qc1 Rb8 36. a4 Qe5 37. Qc4+ Kh8 38. Rxg7 Rd8 39. Rd7 1-0

[Event "Bayern-chTT (RL Sued-Ost)"]
[Site "Bayern 2008/09"]
[Date "2009.02.01"]
[Round "6.3"]
[White "Schmidt, Wolfgang(12.62)"]
[Black "Kern, Johannes Dr(61)"]
[Result "1/2-1/2"]
[WhiteElo "2276"]
[BlackElo "2135"]
[PlyCount "87"]
[EventDate "2009.03.??"]
[EventType "team-tourn"]
[EventRounds "9"]
[WhiteTeam "Landshut 1"]
[BlackTeam "Trostberg 1"]

1. e4 c5 2. d4 cxd4 3. c3 Nf6 4. e5 Nd5 5. Nf3 e6 6. cxd4 d6 7. Bc4 Nc6 8. O-O
Be7 9. Qe2 O-O 10. Nc3 Nxc3 11. bxc3 dxe5 12. dxe5 Qa5 13. Rb1 Qxc3 14. Rb5 Nd4
15. Nxd4 Qxd4 16. Rd1 Qh4 17. Rb3 Rd8 18. Rxd8+ Bxd8 19. Rh3 Qd4 20. Qh5 Qe4
21. Bd3 Qe1+ 22. Bf1 Qxc1 23. Qxh7+ Kf8 24. Qh8+ Ke7 25. Qxg7 Bb6 26. Qf6+ Kd7
27. Rd3+ Kc7 28. Qxf7+ Kb8 29. h4 Bc7 30. h5 b6 31. Qf8 a5 32. h6 Ka7 33. h7
Ba6 34. Qxa8+ Kxa8 35. h8=Q+ Ka7 36. Qh3 Bxd3 37. Qxd3 Qf4 38. g3 Qxe5 39. Qa6+
Kb8 40. Bg2 Qa1+ 41. Kh2 Qh8+ 42. Kg1 Qa1+ 43. Kh2 Qh8+ 44. Kg1 1/2-1/2

[Event "Bayern-chTT (RL Sued-Ost)"]
[Site "Bayern 2008/09"]
[Date "2009.02.01"]
[Round "6.4"]
[White "Hartl, Aldo"]
[Black "Wist, Alexander"]
[Result "1-0"]
[WhiteElo "2084"]
[BlackElo "2088"]
[PlyCount "141"]
[EventDate "2009.03.??"]
[EventType "team-tourn"]
[EventRounds "9"]
[WhiteTeam "Trostberg 1"]
[BlackTeam "Landshut 1"]

1. e4 c5 2. Nf3 d6 3. Nc3 Nf6 4. e5 dxe5 5. Nxe5 a6 6. Bc4 e6 7. a4 Nbd7 8. Qe2
Nxe5 9. Qxe5 Qd4 10. Qxd4 cxd4 11. Ne2 Bc5 12. b4 Bxb4 13. Nxd4 O-O 14. Rb1 Bc5
15. Nb3 Bd6 16. O-O Bd7 17. a5 Rfc8 18. d3 Nd5 19. Bd2 b5 20. axb6 Nxb6 21. Na5
Nxc4 22. Nxc4 Bc7 23. Ra1 Bb5 24. Na3 Be5 25. Ra2 Bc6 26. Rb1 Rab8 27. Re1 Bf6
28. Bf4 Rb4 29. Be5 Bxe5 30. Rxe5 Rcb8 31. Re1 Ra4 32. Rea1 Bd5 33. c4 Bc6 34.
f3 Kf8 35. Kf2 Ke7 36. Ke3 e5 37. Nc2 Rxa2 38. Rxa2 Rb6 39. Kd2 Bb7 40. Kc3 f5
41. Ra5 Kf6 42. d4 exd4+ 43. Nxd4 Bc8 44. f4 g6 45. g3 Ke7 46. Re5+ Kd8 47. c5
Rb1 48. Re2 Rc1+ 49. Rc2 Rd1 50. Rd2 Rxd2 51. Kxd2 Kc7 52. Kc3 a5 53. Nb5+ Kd7
54. Kb3 Ke6 55. Nc7+ Kd7 56. Nb5 Ke6 57. Na7 Bd7 58. c6 Bxc6 59. Nxc6 Kd5 60.
Ne5 Ke4 61. Nf7 Ke3 62. Ng5 h5 63. Ne6 h4 64. gxh4 Kf3 65. Ka4 Kg4 66. Kxa5
Kxh4 67. Kb5 Kg4 68. Kc5 g5 69. fxg5 f4 70. g6 f3 71. g7 1-0

[Event "Bayern-chTT (RL Sued-Ost)"]
[Site "Bayern 2008/09"]
[Date "2009.02.01"]
[Round "6.5"]
[White "Neubauer, Andreas(78)"]
[Black "Moser, Wolfgang(48)"]
[Result "0-1"]
[WhiteElo "2056"]
[BlackElo "2063"]
[PlyCount "82"]
[EventDate "2009.03.??"]
[EventType "team-tourn"]
[EventRounds "9"]
[WhiteTeam "Landshut 1"]
[BlackTeam "Trostberg 1"]

1. Nf3 d5 2. g3 f5 3. b3 Nf6 4. Bg2 e6 5. O-O Bd6 6. Bb2 O-O 7. d3 b6 8. c4 Bb7
9. Nd4 Qd7 10. Nd2 c5 11. Nb5 Be7 12. e3 a6 13. Nc3 Nc6 14. Na4 Qd8 15. Qe2 b5
16. cxb5 axb5 17. Nc3 Qb6 18. Nf3 Nd7 19. Rfc1 Bf6 20. h4 h6 21. Qd2 d4 22.
exd4 Nxd4 23. Nxd4 Bxd4 24. Ne2 Bxg2 25. Kxg2 Ne5 26. Nxd4 cxd4 27. Qe2 Ng4 28.
b4 e5 29. Qf3 Ra6 30. Qd5+ Kh7 31. Rc5 Qg6 32. Rac1 f4 33. Rc8 Raf6 34. Rxf8
Rxf8 35. Qf3 Rf6 36. Rf1 fxg3 37. Qxg3 Qf5 38. Bc1 Rg6 39. a3 Nxf2 40. Rxf2
Rxg3+ 41. Kxg3 Qxd3+ 0-1

[Event "Bayern-chTT (RL Sued-Ost)"]
[Site "Bayern 2008/09"]
[Date "2009.02.01"]
[Round "6.6"]
[White "Huber, Hans"]
[Black "Schubert, Josef(59)"]
[Result "0-1"]
[WhiteElo "1921"]
[BlackElo "1932"]
[PlyCount "100"]
[EventDate "2009.03.??"]
[EventType "team-tourn"]
[EventRounds "9"]
[WhiteTeam "Trostberg 1"]
[BlackTeam "Landshut 1"]

1. Nf3 c5 2. c4 Nf6 3. g3 b6 4. Bg2 Bb7 5. O-O g6 6. b3 Bg7 7. Bb2 d6 8. e3
Nbd7 9. d4 e6 10. Nbd2 O-O 11. Qc2 cxd4 12. exd4 d5 13. Rac1 Rc8 14. Qb1 Qe7
15. Rfe1 Rfd8 16. Ne5 Bh6 17. Rcd1 Rc7 18. Nxd7 Qxd7 19. c5 Rdc8 20. b4 Qa4 21.
Bc3 Ba6 22. Qb3 Qd7 23. Nf3 Bc4 24. Qc2 Qd8 25. Ne5 Bb5 26. a4 Be8 27. a5 Bf8
28. axb6 axb6 29. Ra1 bxc5 30. bxc5 Bxc5 31. Qd2 Bb6 32. Rec1 Ra7 33. Rxa7 Bxa7
34. Bb2 Rxc1+ 35. Qxc1 Kg7 36. h3 Bb6 37. Qc2 Qc7 38. Qxc7 Bxc7 39. f3 Bb5 40.
Kf2 Nd7 41. Nxd7 Bxd7 42. f4 Bd6 43. Ke3 g5 44. fxg5 Bxg3 45. Kf3 Be1 46. Bc1
Bb5 47. Kg4 Kg6 48. Bf3 Bd3 49. Kf4 Bh4 50. Kg4 Bf2 0-1

[Event "Bayern-chTT (RL Sued-Ost)"]
[Site "Bayern 2008/09"]
[Date "2009.02.01"]
[Round "6.8"]
[White "Odak, Vladko"]
[Black "Kunz, Heinz(65)"]
[Result "0-1"]
[WhiteElo "1641"]
[BlackElo "1856"]
[PlyCount "74"]
[EventDate "2009.03.??"]
[EventType "team-tourn"]
[EventRounds "9"]
[WhiteTeam "Trostberg 1"]
[BlackTeam "Landshut 1"]

1. b3 Nf6 2. Bb2 d6 3. g3 e5 4. Bg2 Nc6 5. e4 g6 6. d4 Nxd4 7. Bxd4 exd4 8.
Qxd4 Bg7 9. Nc3 O-O 10. Qd2 Re8 11. Nge2 Bd7 12. O-O Bc6 13. f3 d5 14. Rad1
dxe4 15. Qxd8 Raxd8 16. Rxd8 Rxd8 17. fxe4 Rd2 18. Rd1 Rxd1+ 19. Nxd1 Bxe4 20.
Bxe4 Nxe4 21. Kg2 f5 22. Nf4 Nc3 23. Nxc3 Bxc3 24. Nd5 Be5 25. c4 Kf7 26. Kf3
Ke6 27. Ke3 a5 28. Kd3 h5 29. a3 h4 30. Nf4+ Bxf4 31. gxf4 c5 32. Kc3 Kf6 33.
b4 axb4+ 34. axb4 cxb4+ 35. Kxb4 g5 36. fxg5+ Kxg5 37. Kb5 f4 0-1

[Event "Bayern-chTT (RL Sued-Ost)"]
[Site "Bayern 2008/09"]
[Date "2009.03.01"]
[Round "7.1"]
[White "Lautner, Josef"]
[Black "Ploehn, Heiko"]
[Result "1-0"]
[WhiteElo "2185"]
[BlackElo "2128"]
[PlyCount "82"]
[EventDate "2009.03.??"]
[EventType "team-tourn"]
[EventRounds "9"]
[WhiteTeam "Passau 2"]
[BlackTeam "Landshut 1"]

1. d4 d6 2. e4 Nf6 3. f3 g6 4. c4 Bg7 5. Nc3 O-O 6. Bg5 c5 7. d5 e6 8. Qd2 exd5
9. cxd5 h6 10. Be3 a6 11. a4 Re8 12. Be2 Nh7 13. Bd1 Nd7 14. Nge2 Ne5 15. b3 b6
16. O-O h5 17. h3 f5 18. Bc2 Qf6 19. f4 Nf7 20. a5 b5 21. e5 dxe5 22. Bxc5 e4
23. b4 Nd6 24. Bb3 Bd7 25. Rac1 Rac8 26. Nd1 Qf8 27. Ne3 Nf6 28. Nd4 Kh7 29.
Ne6 Bxe6 30. dxe6 Red8 31. Rfd1 Rc6 32. Nd5 Nxd5 33. Qxd5 Qe8 34. Bxd6 Rdxd6
35. Qxd6 Rxd6 36. Rxd6 Qe7 37. Rd7 Qxb4 38. Rcc7 Qxb3 39. Rxg7+ Kh8 40. Rh7+
Kg8 41. Rcg7+ Kf8 1-0

[Event "Bayern-chTT (RL Sued-Ost)"]
[Site "Bayern 2008/09"]
[Date "2009.03.01"]
[Round "7.2"]
[White "Nurbekoglu, Michael"]
[Black "Eizenhammer, Peter"]
[Result "1/2-1/2"]
[WhiteElo "2036"]
[BlackElo "2103"]
[PlyCount "34"]
[EventDate "2009.03.??"]
[EventType "team-tourn"]
[EventRounds "9"]
[WhiteTeam "Landshut 1"]
[BlackTeam "Passau 2"]

1. e4 d6 2. d4 Nf6 3. Bd3 e5 4. c3 Nbd7 5. Nf3 Be7 6. O-O O-O 7. Nbd2 c6 8. a4
a5 9. Nc4 exd4 10. cxd4 d5 11. exd5 Nxd5 12. Re1 N7f6 13. Nce5 Nb4 14. Bc4 Nfd5
15. Be3 Be6 16. Rc1 f6 17. Nd3 Qd7 1/2-1/2

[Event "Bayern-chTT (RL Sued-Ost)"]
[Site "Bayern 2008/09"]
[Date "2009.03.01"]
[Round "7.3"]
[White "Kuran, Avelino"]
[Black "Schmaus, Horst(56)"]
[Result "1-0"]
[WhiteElo "2098"]
[BlackElo "2033"]
[PlyCount "25"]
[EventDate "2009.03.??"]
[EventType "team-tourn"]
[EventRounds "9"]
[WhiteTeam "Passau 2"]
[BlackTeam "Landshut 1"]

1. e4 c5 2. Nf3 e6 3. d4 cxd4 4. Nxd4 Nf6 5. Nc3 d6 6. f3 Nc6 7. Be3 Be7 8. Qd2
O-O 9. g4 d5 10. g5 Nxd4 11. Qxd4 Nh5 12. O-O-O dxe4 13. Qe5 1-0

[Event "Bayern-chTT (RL Sued-Ost)"]
[Site "Bayern 2008/09"]
[Date "2009.03.01"]
[Round "7.4"]
[White "Schmidt, Wolfgang(12.62)"]
[Black "Holzer, Richard(72)"]
[Result "1/2-1/2"]
[WhiteElo "2276"]
[BlackElo "2176"]
[PlyCount "63"]
[EventDate "2009.03.??"]
[EventType "team-tourn"]
[EventRounds "9"]
[WhiteTeam "Landshut 1"]
[BlackTeam "Passau 2"]

1. e4 e5 2. Nf3 Nc6 3. Bc4 Nf6 4. d4 exd4 5. e5 Ng4 6. Qe2 Bb4+ 7. c3 dxc3 8.
bxc3 Be7 9. h3 Nh6 10. Bxh6 gxh6 11. O-O Rg8 12. Kh1 Kf8 13. Nd4 Nxd4 14. cxd4
d5 15. Bd3 Kg7 16. Nc3 Bb4 17. Rac1 Qh4 18. Qe3 c6 19. Ne2 Be7 20. Qf3 Bg5 21.
Rb1 Rb8 22. Ng3 Qxd4 23. Nf5+ Bxf5 24. Qxf5 Qf4 25. Qxh7+ Kf8 26. e6 Qf6 27. f4
Bh4 28. exf7 Rh8 29. Qg6 Qxf7 30. Qg4 Bf6 31. Bg6 Qg7 32. Rfe1 1/2-1/2

[Event "Bayern-chTT (RL Sued-Ost)"]
[Site "Bayern 2008/09"]
[Date "2009.03.01"]
[Round "7.5"]
[White "Lang, Josef jr(73)"]
[Black "Wist, Alexander"]
[Result "1-0"]
[WhiteElo "1988"]
[BlackElo "2088"]
[PlyCount "83"]
[EventDate "2009.03.??"]
[EventType "team-tourn"]
[EventRounds "9"]
[WhiteTeam "Passau 2"]
[BlackTeam "Landshut 1"]

1. e4 c5 2. Nc3 d6 3. f4 Nc6 4. Nf3 Nd4 5. f5 e6 6. Bc4 exf5 7. O-O Be7 8. Nxd4
cxd4 9. Nd5 Nf6 10. exf5 O-O 11. d3 Nxd5 12. Bxd5 Bf6 13. Qh5 Qa5 14. Qf3 Qc7
15. g4 h6 16. Qg2 Qd8 17. Bf4 Rb8 18. Rae1 b5 19. Re2 Rb6 20. Qf3 Re8 21. Rfe1
Rxe2 22. Rxe2 Bd7 23. Qe4 Qc7 24. Bg3 Rb8 25. Qg2 Re8 26. Bxf7+ Kxf7 27. Qd5+
Be6 28. Rxe6 Qc5 29. Qxc5 dxc5 30. Rxe8 Kxe8 31. Kf2 Kd7 32. Kf3 Kc6 33. Ke4 a5
34. Be5 a4 35. b3 a3 36. h3 c4 37. Bxf6 cxb3 38. cxb3 gxf6 39. Kxd4 Kd6 40. Ke4
Kc5 41. d4+ Kb4 42. Kd3 1-0

[Event "Bayern-chTT (RL Sued-Ost)"]
[Site "Bayern 2008/09"]
[Date "2009.03.01"]
[Round "7.6"]
[White "Neubauer, Andreas(78)"]
[Black "Kaiser, Wolfgang(62)"]
[Result "0-1"]
[WhiteElo "2056"]
[BlackElo "2265"]
[PlyCount "66"]
[EventDate "2009.03.??"]
[EventType "team-tourn"]
[EventRounds "9"]
[WhiteTeam "Landshut 1"]
[BlackTeam "Passau 2"]

1. Nf3 Nf6 2. c4 e6 3. b3 c5 4. d4 cxd4 5. Nxd4 a6 6. g3 Bb4+ 7. Bd2 Bc5 8. Nc2
Ne4 9. Be3 Bxe3 10. fxe3 Qf6 11. Qd4 Qf2+ 12. Kd1 Qf5 13. Kc1 O-O 14. Bg2 d5
15. Bxe4 dxe4 16. Nd2 Nc6 17. Qxe4 Qc5 18. Kb2 Rd8 19. Rhd1 f5 20. Qf4 e5 21.
Qh4 Be6 22. Nf3 h6 23. Rd3 b5 24. Rad1 Re8 25. cxb5 axb5 26. Rc3 Rxa2+ 27. Kxa2
Qxc3 28. Kb1 e4 29. Nfe1 Bxb3 30. Qh5 Rc8 31. Qh4 Bxc2+ 32. Nxc2 Qb3+ 33. Kc1
Nd4 0-1

[Event "Bayern-chTT (RL Sued-Ost)"]
[Site "Bayern 2008/09"]
[Date "2009.03.01"]
[Round "7.7"]
[White "Ipfelkofer, Frank"]
[Black "Schubert, Josef(59)"]
[Result "1-0"]
[WhiteElo "2101"]
[BlackElo "1932"]
[PlyCount "57"]
[EventDate "2009.03.??"]
[EventType "team-tourn"]
[EventRounds "9"]
[WhiteTeam "Passau 2"]
[BlackTeam "Landshut 1"]

1. e4 e5 2. Nf3 Nc6 3. Bb5 g6 4. O-O Bg7 5. c3 Nge7 6. d4 O-O 7. d5 Nb8 8. d6
Nec6 9. Bg5 f6 10. Bh4 cxd6 11. Qxd6 Qb6 12. a4 Na6 13. b4 Kh8 14. Nbd2 Qc7 15.
Nc4 Qb8 16. Qd2 Nc7 17. Rfd1 a6 18. Bxc6 dxc6 19. Nb6 Ra7 20. Qd6 Bg4 21. Rd3
a5 22. h3 Be6 23. b5 g5 24. Bg3 Re8 25. c4 Bf8 26. Nd7 Qd8 27. Nxf8 Qxd6 28.
Rxd6 Rxf8 29. b6 1-0

[Event "Bayern-chTT (RL Sued-Ost)"]
[Site "Bayern 2008/09"]
[Date "2009.03.01"]
[Round "7.8"]
[White "Kunz, Heinz(65)"]
[Black "Schneider, Roland(70)"]
[Result "0-1"]
[WhiteElo "1856"]
[BlackElo "1986"]
[PlyCount "78"]
[EventDate "2009.03.??"]
[EventType "team-tourn"]
[EventRounds "9"]
[WhiteTeam "Landshut 1"]
[BlackTeam "Passau 2"]

1. c4 c5 2. Nc3 Nf6 3. Nf3 d5 4. cxd5 Nxd5 5. g3 Nc6 6. Bg2 Nc7 7. O-O e5 8. d3
Be7 9. Nd2 Bd7 10. Nc4 f6 11. Nd5 O-O 12. Nce3 Rb8 13. Nxc7 Qxc7 14. Nd5 Qd8
15. f4 Bd6 16. f5 Nd4 17. g4 Kh8 18. e3 Nc6 19. Be4 Ne7 20. Nxe7 Bxe7 21. Qf3
Bc6 22. Bd2 c4 23. Qe2 cxd3 24. Bxd3 Qb6 25. Bc3 Bc5 26. Kf2 Rbd8 27. a3 e4 28.
Bc4 Qc7 29. Kg1 b5 30. Bxb5 Bxb5 31. Qxb5 Bxe3+ 32. Kh1 Bb6 33. Qe2 Qc6 34. Qg2
Rd3 35. Rad1 Rfd8 36. Rxd3 Rxd3 37. Re1 Rf3 38. Rd1 e3 39. Re1 e2 0-1

[Event "Bayern-chTT (RL Sued-Ost)"]
[Site "Bayern 2008/09"]
[Date "2009.03.01"]
[Round "7.1"]
[White "Anka, Emil"]
[Black "Zenker, Ulrich"]
[Result "1-0"]
[WhiteElo "2365"]
[BlackElo "2163"]
[PlyCount "109"]
[EventDate "2009.03.??"]
[EventType "team-tourn"]
[EventRounds "9"]
[WhiteTeam "Trostberg 1"]
[BlackTeam "Ebersberg 1"]

1. d4 Nf6 2. c4 d6 3. Nc3 Nbd7 4. Nf3 e5 5. e4 Be7 6. Be2 O-O 7. O-O a6 8. Be3
Re8 9. d5 Nf8 10. Nd2 Ng6 11. g3 Bh3 12. Re1 Qd7 13. f3 h6 14. b4 Nh7 15. c5
Bg5 16. Bf2 Ne7 17. Nc4 Nc8 18. Na5 b6 19. Nc4 Rb8 20. a4 Rd8 21. c6 Qe8 22.
Bf1 Bxf1 23. Rxf1 h5 24. h4 Bh6 25. Qd3 g6 26. Ra2 Qe7 27. Be3 Bxe3+ 28. Nxe3
Ra8 29. Rh2 Re8 30. g4 Nf6 31. Ne2 a5 32. b5 Kh7 33. Ng3 Rg8 34. Rg2 Na7 35. g5
Ne8 36. f4 exf4 37. Rxf4 Rf8 38. Rgf2 Kg8 39. Ngf5 gxf5 40. Nxf5 Qe5 41. Nh6+
Kg7 42. Nxf7 Qa1+ 43. Rf1 Qb2 44. R4f2 Qxf2+ 45. Rxf2 Rxf7 46. Rxf7+ Kxf7 47.
Qf3+ Kg7 48. Qxh5 Nxb5 49. Qh6+ Kg8 50. Qe6+ Kh8 51. axb5 a4 52. h5 a3 53. Qf7
Ng7 54. h6 Rg8 55. g6 1-0

[Event "Bayern-chTT (RL Sued-Ost)"]
[Site "Bayern 2008/09"]
[Date "2009.03.01"]
[Round "7.2"]
[White "Schweiger, Georg"]
[Black "Huch, Reiner"]
[Result "1/2-1/2"]
[WhiteElo "2059"]
[BlackElo "2253"]
[PlyCount "51"]
[EventDate "2009.03.??"]
[EventType "team-tourn"]
[EventRounds "9"]
[WhiteTeam "Ebersberg 1"]
[BlackTeam "Trostberg 1"]

1. e4 e6 2. d4 d5 3. Nc3 Nf6 4. Bg5 Bb4 5. e5 h6 6. exf6 hxg5 7. fxg7 Rg8 8. h4
gxh4 9. Qg4 Qf6 10. Rxh4 Qxg7 11. Qxg7 Rxg7 12. Rh8+ Bf8 13. O-O-O c6 14. Nf3
Nd7 15. g3 b6 16. Bd3 Bb7 17. Rdh1 O-O-O 18. Ne2 Bd6 19. R1h7 Rxh8 20. Rxh8+
Kc7 21. Rh6 c5 22. c3 Bc6 23. Kd2 Bf8 24. Rh8 Bd6 25. Rh6 Bf8 26. Rh8 1/2-1/2

[Event "Bayern-chTT (RL Sued-Ost)"]
[Site "Bayern 2008/09"]
[Date "2009.03.01"]
[Round "7.3"]
[White "Besner, Bernhard"]
[Black "Krause, Christian(42)"]
[Result "1/2-1/2"]
[WhiteElo "2155"]
[BlackElo "1965"]
[PlyCount "111"]
[EventDate "2009.03.??"]
[EventType "team-tourn"]
[EventRounds "9"]
[WhiteTeam "Trostberg 1"]
[BlackTeam "Ebersberg 1"]

1. e4 d6 2. d4 g6 3. Nc3 c6 4. Be3 Nf6 5. Qd2 b5 6. a3 Nbd7 7. Be2 a6 8. f4 Nb6
9. Nf3 d5 10. e5 Ne4 11. Nxe4 dxe4 12. Ng5 f5 13. exf6 exf6 14. Nxe4 Be6 15.
O-O f5 16. Ng5 Bd5 17. Bf3 Nc4 18. Qe1 Qe7 19. Bxd5 cxd5 20. Bc1 Kd7 21. a4 b4
22. b3 Qxe1 23. Rxe1 Nd6 24. Bd2 Ne4 25. Nxe4 fxe4 26. c4 bxc3 27. Bxc3 Rb8 28.
Rab1 Bb4 29. Re3 Rhc8 30. Bxb4 Rxb4 31. Rh3 h5 32. Rd1 Rf8 33. Rg3 Rf6 34. Rg5
Kd6 35. g3 Rxb3 36. Kf2 Rb4 37. Ke3 Rxa4 38. Rb1 Rc4 39. Rb8 Rc3+ 40. Ke2 Kc7
41. Rg8 Rb6 42. Rg7+ Kb8 43. Rg8+ Kc7 44. Rg7+ Kb8 45. Rxd5 Rb2+ 46. Kd1 e3 47.
Rd8+ Rc8 48. Rxc8+ Kxc8 49. Rxg6 Rxh2 50. Rxa6 h4 51. gxh4 Rxh4 52. Rf6 Rh2 53.
Rd6 Kc7 54. Rd5 Kc6 55. Rd8 Rf2 56. Re8 1/2-1/2

[Event "Bayern-chTT (RL Sued-Ost)"]
[Site "Bayern 2008/09"]
[Date "2009.03.01"]
[Round "7.4"]
[White "Gil, Arthur"]
[Black "Kern, Johannes Dr(61)"]
[Result "0-1"]
[WhiteElo "1984"]
[BlackElo "2135"]
[PlyCount "46"]
[EventDate "2009.03.??"]
[EventType "team-tourn"]
[EventRounds "9"]
[WhiteTeam "Ebersberg 1"]
[BlackTeam "Trostberg 1"]

1. Nf3 f5 2. e4 fxe4 3. Ng5 Nc6 4. d3 e3 5. Bxe3 e5 6. d4 d5 7. Bb5 Bd6 8. c4
Nf6 9. Nc3 O-O 10. O-O exd4 11. cxd5 dxe3 12. dxc6 Qe7 13. Bc4+ Kh8 14. Nd5
exf2+ 15. Rxf2 Qe5 16. Qh5 Bg4 17. Qh4 Bc5 18. Raf1 h6 19. Nxf6 Qxf6 20. cxb7
Rae8 21. Nf7+ Rxf7 22. Bxf7 Qxf7 23. Qxg4 Qxf2+ 0-1

[Event "Bayern-chTT (RL Sued-Ost)"]
[Site "Bayern 2008/09"]
[Date "2009.03.01"]
[Round "7.5"]
[White "Moser, Wolfgang(48)"]
[Black "Kramer, Melik Kurt"]
[Result "1-0"]
[WhiteElo "2063"]
[BlackElo "1955"]
[PlyCount "63"]
[EventDate "2009.03.??"]
[EventType "team-tourn"]
[EventRounds "9"]
[WhiteTeam "Trostberg 1"]
[BlackTeam "Ebersberg 1"]

1. d4 d5 2. c4 c6 3. Nc3 Nf6 4. e3 e6 5. Nf3 Nbd7 6. Qc2 Bd6 7. b3 O-O 8. Bd3
Re8 9. cxd5 exd5 10. Bb2 Qe7 11. O-O-O Ba3 12. h4 Ne4 13. Rdg1 Ndf6 14. Ne5
Nxc3 15. Qxc3 Ne4 16. Bxe4 dxe4 17. g4 f6 18. Nc4 Bxb2+ 19. Kxb2 Be6 20. g5 f5
21. Ne5 c5 22. Rc1 cxd4 23. exd4 Rac8 24. Qd2 Qd6 25. Rhd1 Bd5 26. h5 Qb6 27.
h6 g6 28. Nd7 Qe6 29. Nf6+ Kh8 30. Nxe8 Rxe8 31. Rc7 Qd6 32. Qc3 1-0

[Event "Bayern-chTT (RL Sued-Ost)"]
[Site "Bayern 2008/09"]
[Date "2009.03.01"]
[Round "7.6"]
[White "Bauer, Frank(75)"]
[Black "Steinberg, Sven"]
[Result "1-0"]
[WhiteElo "1935"]
[BlackElo "1974"]
[PlyCount "72"]
[EventDate "2009.03.??"]
[EventType "team-tourn"]
[EventRounds "9"]
[WhiteTeam "Ebersberg 1"]
[BlackTeam "Trostberg 1"]

1. c4 e5 2. Nc3 f5 3. d4 exd4 4. Qxd4 Nc6 5. Qf4 d6 6. Bd2 Nf6 7. Nf3 Bd7 8. e4
fxe4 9. Ng5 Be7 10. Ncxe4 O-O 11. Qh4 h6 12. Nf3 Bf5 13. Ng3 Ne4 14. Qh5 Nxd2
15. Nxf5 Nxf3+ 16. gxf3 Bg5 17. Qg4 Qe8+ 18. Be2 Qe5 19. h4 Rxf5 20. hxg5 Rf4
21. Qd7 Re8 22. O-O-O Qxe2 23. gxh6 Rxc4+ 24. Kb1 Qe7 25. Qh3 Qe6 26. Qg2 g6
27. h7+ Kh8 28. Rdg1 Qf5+ 29. Ka1 Re6 30. f4 Rce4 31. Qf3 Re2 32. Qb3 b6 33.
Qc3+ Qf6 34. Rxg6 Re1+ 35. Rxe1 Rxe1+ 36. Qxe1 Qxg6 1-0

[Event "Bayern-chTT (RL Sued-Ost)"]
[Site "Bayern 2008/09"]
[Date "2009.03.01"]
[Round "7.7"]
[White "Huber, Hans"]
[Black "Ries, Berthold"]
[Result "1-0"]
[WhiteElo "1921"]
[BlackElo "1910"]
[PlyCount "67"]
[EventDate "2009.03.??"]
[EventType "team-tourn"]
[EventRounds "9"]
[WhiteTeam "Trostberg 1"]
[BlackTeam "Ebersberg 1"]

1. Nf3 Nf6 2. c4 e6 3. g3 b6 4. Bg2 Bb7 5. O-O Be7 6. Nc3 c5 7. d4 cxd4 8. Qxd4
O-O 9. b3 d6 10. Bb2 Nc6 11. Qd2 a6 12. Rfd1 Qc7 13. Rac1 Rfd8 14. e4 Rd7 15.
Qe2 Rad8 16. Rd2 h6 17. Nd5 exd5 18. cxd5 Nd4 19. Nxd4 Qb8 20. Nc6 Bxc6 21.
dxc6 Ra7 22. e5 dxe5 23. Rxd8+ Bxd8 24. Bxe5 Qc8 25. Qc4 Ne8 26. a4 Re7 27. Bf4
Bc7 28. Bxc7 Nxc7 29. Qb4 Qe8 30. Qxb6 Re1+ 31. Rxe1 Qxe1+ 32. Bf1 Ne6 33. c7
Qc1 34. Qb8+ 1-0

[Event "Bayern-chTT (RL Sued-Ost)"]
[Site "Bayern 2008/09"]
[Date "2009.03.01"]
[Round "7.8"]
[White "Einzinger, Johannes"]
[Black "Penn, Peter"]
[Result "0-1"]
[WhiteElo "1798"]
[BlackElo "1882"]
[PlyCount "112"]
[EventDate "2009.03.??"]
[EventType "team-tourn"]
[EventRounds "9"]
[WhiteTeam "Ebersberg 1"]
[BlackTeam "Trostberg 1"]

1. d4 Nf6 2. Nf3 e6 3. Bg5 d5 4. e3 Be7 5. Bd3 Nbd7 6. O-O h6 7. Bh4 b6 8. Nbd2
Bb7 9. Qe2 O-O 10. c3 c5 11. Rad1 Re8 12. Ne5 Nxe5 13. dxe5 Nd7 14. Bxe7 Qxe7
15. f4 c4 16. Bb1 b5 17. e4 Nc5 18. exd5 Bxd5 19. Nf3 Qb7 20. Nd4 a6 21. f5
exf5 22. Nxf5 Nd3 23. Bxd3 cxd3 24. Qg4 Qb6+ 25. Rf2 Qg6 26. Qb4 Bxg2 27. Ne7+
Rxe7 28. Rxg2 Qh5 29. Rxd3 Rxe5 30. Qg4 Re1+ 31. Kf2 Qxg4 32. Rxg4 Rae8 33. Rd2
Rh1 34. Kg2 Rc1 35. Kf2 f5 36. Rb4 Ra1 37. a3 Kf7 38. c4 bxc4 39. Rxc4 Re6 40.
Rc7+ Kf6 41. Rdd7 g5 42. Rh7 Kg6 43. Rhg7+ Kh5 44. Rc3 f4 45. Rc2 Rb6 46. Rd7
g4 47. Rd5+ Kh4 48. Ra5 Ra2 49. a4 Raxb2 50. Rxb2 Rxb2+ 51. Kg1 Rb6 52. Kf2 Re6
53. Rc5 h5 54. a5 Rg6 55. Rf5 f3 56. Re5 Rg5 0-1